Países do oriente médio - Statistics

Estatísticas Gerais
  • Esse quiz foi jogado 32 vezes
  • A pontuação média é 14 de 16
Estatísticas das Respostas
Hint Resposta % Correto
100% irao
100%
100% iraque
100%
100% israel
100%
100% Arábia saudita
96%
100% jordania
96%
100% siria
96%
100% emirados arabes unidos
93%
100% oma
93%
100% bahrein
89%
100% catar
86%
5%-6% egito
86%
100% iemen
86%
100% libano
82%
100% kuweit
75%
97% turquia
75%
100% but might not be considered country by some people palestina
64%
Nenhum quiz correspondente encontrado
Distribuição das Pontuações
Porcentagem de Pessoas com Cada Pontuação
Percentil de Números Respondidos
Sua Pontuação Histórica
Você não jogou esse quiz